Statistics for Spider-Man Villain Alter-Egos

Click here to take the quiz!

General Stats

  • This quiz has been taken 32 times
  • The average score is 19 of 25

Answer Stats

HintAnswer% Correct
Otto OctaviusDoctor Octopus
100%
Norman OsbornGreen Goblin
100%
Flint MarkoSandman
100%
Eddie BrockVenom
100%
Max DillonElectro
96%
Curt ConnorsLizard
92%
Quentin BeckMysterio
92%
Alexei SytsevichRhino
92%
Wilson FiskKingpin
88%
Michael MorbiusMorbius
88%
Cletus KasadyCarnage
85%
Sergei KravinoffKraven the Hunter
85%
Adrian ToomesVulture
85%
Aaron DavisProwler
81%
Mac GarganScorpion
77%
Herman SchultzShocker
73%
Roderick KingsleyHobgoblin
65%
Silvija SablinovaSilver Sable
62%
Lonnie LincolnTombstone
62%
Phineas MasonTinkerer
58%
Dmitri SmerdyakovChameleon
54%
Morris BenchHydro-Man
46%
Johnathon OhnnSpot
46%
Frederick FoswellBig Man
31%
Trevor ColeRiot
31%

Score Distribution

Percentile by Number Answered

Percent of People with Each Score

Your Score History

You have not taken this quiz